| 000 | 00543nam a22002057a 4500 | ||
|---|---|---|---|
| 003 | UA-OsUOA | ||
| 001 | 7495 | ||
| 007 | ta | ||
| 008 | 20040622b un ||||| |||| 00| 0 ukr d | ||
| 100 | _aШестак Анна | ||
| 942 | _cSA | ||
| 040 |
_aUA-OsUOA _bukr _cUA-OsUOA _dUA-OsUOA |
||
| 245 |
_aСекрет популярності Пауло Коельйо _cАнна Шестак |
||
| 300 | _aС.165-170 | ||
| 955 | _a0 | ||
| 041 | _aukr | ||
| 044 | _aUA | ||
| 773 | 0 |
_w0 _tВсесвіт _dК. _d2004 _g№5-6 |
|
| 650 | 7 |
_aКоельйє _2UDC |
|
| 999 |
_c293656 _d293656 |
||